000 00533nam a22001937a 4500
005 20251204183307.0
008 251204b |||||||| |||| 00| 0 eng d
020 _qpbk
041 _aeng
082 _a624.17
_bRAM
100 _aRamamrutham, S.
245 _aTheory of structures
_c/ S. Ramamrutham, R. Narayanan
250 _a9th rev and enlarged ed.
260 _aNew Delhi
_bDhanpat Rai Publishing Company (P) Ltd.
_c2011
300 _a1271 p.
_b: ill.
504 _aindex
700 _aNarayanan, R.
942 _cENGLISH
999 _c600241
_d600241